|
|
|
|
| LEADER |
00000nam a2200000 a 4500 |
| 001 |
vtls001330578 |
| 003 |
SK-MaSNL |
| 005 |
20260301005715.0 |
| 008 |
240314s1979 xx 0 und |
| 035 |
|
|
|a SNK000283446
|
| 040 |
|
|
|a SNK
|b slo
|c SNK
|e AACR2
|
| 100 |
1 |
|
|a Žáček, Václav,
|d 1905-1986
|4 aut
|9 48125
|
| 245 |
1 |
0 |
|a Josef Václav Frič
|
| 260 |
|
|
|a Praha
|b Melantrich
|c 1979
|
| 300 |
|
|
|a 391 s.
|
| 958 |
|
|
|a OND
|
| 999 |
|
|
|c 545981
|d 547911
|
| 952 |
|
|
|t P60, <04>, [BOOK], {604}
|a SNK
|b SNK
|y VYP
|7 0
|p 17A0137799
|o snkIC 77404 D1
|0 0
|1 1
|4 0
|d 1998-05-11
|l 0
|r 2005-01-02 00:00:00
|w 2026-02-23
|
| 952 |
|
|
|t P60, <04>, [BOOK], {604}
|a SNK
|b SNK
|y VYP
|7 0
|p 17A0155503
|o snkIC 77404
|0 0
|1 0
|4 0
|d 1998-08-25
|l 0
|r 2005-01-02 00:00:00
|w 2026-02-23
|